Ι.Γ.Κ. Κόντος Αλουμινοκατασκευαστική Ο.Ε. : εργασία
Αποθηκεύτηκε σε:
| Κύριος συγγραφέας: | |
|---|---|
| Συγγραφή απο Οργανισμό/Αρχή: | |
| Άλλοι συγγραφείς: | |
| Μορφή: | Thesis Βιβλίο |
| Γλώσσα: | Greek |
| Δημοσίευση: |
1993
|
| Θέματα: | |
| Ετικέτες: |
Προσθήκη ετικέτας
Δεν υπάρχουν, Καταχωρήστε ετικέτα πρώτοι!
|
MARC
| LEADER | 00000cam a2200000 i 4500 | ||
|---|---|---|---|
| 001 | 1/22771 | ||
| 008 | 011025s1993 gre d | ||
| 035 | |l 10067539 | ||
| 040 | |a GR-MY-UA |b gre |e aacr | ||
| 041 | 0 | |a gre | |
| 082 | 0 | |a 658.4012 |2 (22) | |
| 100 | 1 | |a Μακρής, Αλκιβιάδης. | |
| 245 | 1 | 0 | |a Ι.Γ.Κ. Κόντος Αλουμινοκατασκευαστική Ο.Ε. : |b εργασία / |c Μακρής Αλκιβιάδης, Ράπτης Μάρκος |
| 260 | |c 1993 | ||
| 300 | |a 2τ. (30;64 σ.); |c 30 εκ. | ||
| 500 | |a Επιχειρησιακή στρατηγική και πολιτική (τ.1: case study, τ.2: ανάλυση περίπτωσης) | ||
| 502 | |a Εργασία - Πανεπιστήμιο Αιγαίου, Τμήμα Διοίκησης Επιχειρήσεων, 1993 | ||
| 610 | 2 | 0 | |a Πανεπιστήμιο Αιγαίου. |
| 650 | 0 | 0 | |a Business enterprises |x Case studies. |
| 650 | 0 | 0 | |a Strategic planning |v Case studies. |
| 650 | 0 | 0 | |a Business planning |x Case studies. |
| 700 | 1 | |a Ράπτης, Μάρκος. | |
| 710 | 2 | |a Πανεπιστήμιο Αιγαίου. |b Σχολή Επιστημών της Διοίκησης. |b Τμήμα Διοίκησης Επιχειρήσεων. | |
| 852 | |a INST |b CHIOS |c PERG |e 20011218 |h 658.4012 MAK |p 005200020740 |q 005200020740 |t PERG |y 23 |z τ.1 | ||
| 852 | |a INST |b CHIOS |c PERG |e 20011219 |h 658.4012 MAK |p 005200020745 |q 005200020745 |t PERG |y 23 |z τ.1 | ||
| 852 | |a INST |b CHIOS |c PERG |e 20011025 |h 658.4012 MAK |p 005200020926 |q 005200020926 |t PERG |y 23 |z τ.1 | ||
| 852 | |a INST |b CHIOS |c PERG |e 20011025 |h 658.4012 MAK |p 005200020935 |q 005200020935 |t PERG |y 23 |z τ.1 | ||
| 852 | |a INST |b CHIOS |c PERG |e 20011218 |h 658.4012 MAK |p 005200020740 |q 005200020740 |t PERG |v τ.1: |y 23 |z τ.1 | ||
| 852 | |a INST |b CHIOS |c PERG |e 20011219 |h 658.4012 MAK |p 005200020745 |q 005200020745 |t PERG |v τ.1: |y 23 |z τ.1 | ||
| 852 | |a INST |b CHIOS |c PERG |e 20011025 |h 658.4012 MAK |p 005200020926 |q 005200020926 |t PERG |v τ.1: |y 23 |z τ.1 | ||
| 852 | |a INST |b CHIOS |c PERG |e 20011025 |h 658.4012 MAK |p 005200020935 |q 005200020935 |t PERG |v τ.1: |y 23 |z τ.1 | ||
| 852 | |a INST |b CHIOS |c PERG |e 20011025 |h 658.4012 ΜΑΚ |p 005200020925 |q 005200020925 |t PERG |y 23 |z τ.1 | ||
| 852 | |a INST |b CHIOS |c PERG |e 20011025 |h 658.4012 ΜΑΚ |p 005200020925 |q 005200020925 |t PERG |v τ.1: |y 23 |z τ.1 | ||
| 853 | |a INST |b CHIOS |c PERG |h 658.4012 MAK | ||
| 853 | |a INST |b CHIOS |c PERG |h 658.4012 ΜΑΚ | ||
| 901 | |a BIBL2-2001-3 | ||
| 909 | |a Χ |b 098226 | ||
| 909 | |a X |b 098748 | ||
| 909 | |a X |b 098747 | ||
| 909 | |a X |b 098223 | ||
| 909 | |a X |b 098222 | ||
| 924 | |a Μακρής |b Αλκιβιάδης |y Χίος |z 2001-12 | ||
| 924 | |a Ράπτης |b Μάρκος |y Χίος |z 2001-12 | ||
| 970 | |a ΝΤΟΥΜΗ |b ΜΑΡΙΑ |z 2001/10/25 | ||